Visual Basic And SQL Server (Record no. 299572)

MARC details
000 -LEADER
fixed length control field 00439nam a2200169Ia 4500
008 - FIXED-LENGTH DATA ELEMENTS--GENERAL INFORMATION
fixed length control field 230718s9999 xx 000 0 und d
041 ## - LANGUAGE CODE
Language code of text/sound track or separate title eng
082 ## - DEWEY DECIMAL CLASSIFICATION NUMBER
Classification number 005.268
Item number VAU
100 ## - MAIN ENTRY--PERSONAL NAME
Personal name Vaughn W.R
9 (RLIN) 166551
245 ## - TITLE STATEMENT
Title Visual Basic And SQL Server
260 ## - PUBLICATION, DISTRIBUTION, ETC. (IMPRINT)
Date of publication, distribution, etc. 1998
Name of publisher, distributor, etc. Microsoft
300 ## - PHYSICAL DESCRIPTION
Extent 990
Accompanying material [OBSOLETE, CAN/MARC] Ref 676 C (10778)
365 ## - TRADE PRICE
Currency code Rs.
Price amount 2239.55
500 ## - GENERAL NOTE
Keywords 676 C
700 ## - ADDED ENTRY--PERSONAL NAME
Personal name Vaughn W.R
9 (RLIN) 166551
906 ## - LOCAL DATA ELEMENT F, LDF (RLIN)
d B:28-Oct-1999
c COMP
b 335.93
Holdings
Withdrawn status Lost status Source of classification or shelving scheme Reference No Damaged status Not for loan Home library Current library Date acquired Vendor Budget Code Cost, normal purchase price Full call number Barcode Date last seen Discount Cost, replacement price Bill Date Koha item type Original Barcode
    Dewey Decimal Classification Ref 676 C (10778)   Reference Cummins College of Engineering for Women Pune Cummins College of Engineering for Women Pune 29/10/1999 Tbs COMP 1903.62 005.268 CCEP-BK-10778 18/07/2023 335.93 2239.55 28/10/1999 Books 010778